000 00533nam a22001937a 4500
003 OSt
005 20140310182330.0
008 130921t xxu||||| |||| 00| 0 eng d
020 _a9780603553394
050 _aPR 6054.A528
_b.F275 1994
082 _aGS 398.2
_bY8 1994
245 _aYour favorite animals of farthing wood story collection. /
260 _aToronto :
_bDean,
_cc1994.
300 _a61 p. :
_bcol,ill. :
_c29 cm.
541 _j1
562 _e1
650 _aAnimal
_xstories
_921363
942 _2lcc
_cBK-GS
999 _c11960
_d11960